| 000 | 00523nam a2200181 4500 | ||
|---|---|---|---|
| 001 | 113069 | ||
| 003 | ES-MaACL | ||
| 005 | 20250930063114.0 | ||
| 007 | t| | ||
| 008 | 061121s1960 sp r ||||1| spa d | ||
| 100 | 1 |
_aNúñez Alonso, Alejandro, _d1905-1982 _986172 |
|
| 245 | 1 | 3 |
_aLa piedra y el César _b: novela / _cAlejandro Núñez Alonso. |
| 250 | _a1ª ed. | ||
| 260 |
_aBarcelona : _bPlaneta, _c1960. |
||
| 300 |
_a718 p. ; _c24 cm. |
||
| 852 |
_aES-MaACL _jC-19597 _bR.47140 |
||
| 999 |
_c113069 _d113069 |
||